000 00889cam a2200277 4500
008 090401t1990 xxu||||| |||| 00| 0 eng d
020 _a0851213863
035 _a(Sirsi) u65680
041 _aeng
050 _a346.4104344
100 _aClarke, D.N.
245 _aRent reviews and variable rents
250 _a3rd ed.
260 _aLondon
_bLongman
_c1990
300 _aliv,751p. ; 24cm.
350 _a65
520 _aIncludes full text of the RICS Guidance Notes for Surveyors Acting as Arbitrators or as Independent Experts in Rent Reviews. 4th ed.
650 _aMANAGEMENT-DISPUTE AVOIDANCE, MANAGEMENT AND RESOLUTION-DISPUTE MANAGEMENT AND RESOLUTION-ARBITRATION
650 _aEXPERT WITNESS
_96239
650 _aPRECEDENTS
650 _aRENT
650 _aROYAL INSTITUTION OF CHARTERED SURVEYORS
700 _aAdams, J. E.
942 _n0
948 _c04/03/1997
999 _c94780
_d94780